Hier encore, a Alexandrie /

محفوظ في:

المؤلف الرئيسي: Mahassen, Réga Noury (مؤلف)

التنسيق: كتاب

اللغة: French

منشور في: Genève, Suisse : Rochat-Baumann, [1996].

الموضوعات:

الوسوم: إضافة وسم

لا توجد وسوم, كن أول من يضع وسما على هذه التسجيلة!

رقم الطلب: DT154 .A4 M22 1996

LEADER 00645namaa2200229 4500
001 16415
003 OSt
005 20250803103803.0
008 130303s1996 sz 000 0 fre d
020 |a 2970011913 
040 |c ARCE Library 
043 |a f-ua--- 
050 4 |a DT154 .A4 M22 1996 
100 1 |a Mahassen, Réga Noury,  |e author  |9 35129 
245 1 0 |a Hier encore, a Alexandrie /   |c [Réga Noury Mahassen]. 
264 1 |a Genève, Suisse :   |b Rochat-Baumann,   |c [1996]. 
300 |a 342 pages ;   |c 21 cm. 
600 1 0 |a Mahassen, Réga Noury. 
651 0 |a Alexandria (Egypt)   |x Biography. 
901 |a reviewed 
942 |c BK  |2 lcc 
999 |c 14164  |d 14164